000 00556nam a2200181Ia 4500
008 090123s9999 xx 000 0 und d
082 _b14709
_a891.463/कुलक
100 _aकुलकर्णी अरुणा
245 _aअमृतरंग
250 _a1
260 _bगायत्री प्रकाशन
300 _a110
600 _aकुलकर्णी अरुणा
630 _aअमृतरंग
700 _aकुलकर्णी अरुणा
730 _aअमृतरंग
942 _cBOOK
999 _c52770
_d52770